00361nam a2200133Ia 4500008004100000041001200041082001600053100001700069245007000086260003300156300000800189650001400197700001600211221030s9999 xx 000 0 und d aEnglish a105.23bSha aD. R. Sharma 0aText Book of Applied Chemistry - IIcby D. R. Sharma, S. K. Mehta bIndian Pub.aNew Delhic1999 a149 aChemistry aS. K. Mehta